<?xml version="1.0" encoding="UTF-8"?>
<record
    xmlns:xsi="http://www.w3.org/2001/XMLSchema-instance"
    xsi:schemaLocation="http://www.loc.gov/MARC21/slim http://www.loc.gov/standards/marcxml/schema/MARC21slim.xsd"
    xmlns="http://www.loc.gov/MARC21/slim">

  <leader>01650    a2200205   4500</leader>
  <controlfield tag="001">54283</controlfield>
  <controlfield tag="005">20260407155814.0</controlfield>
  <controlfield tag="008">260407a1974    arg                 spa d</controlfield>
  <controlfield tag="003">AR-UNSa-BCEJYS</controlfield>
  <datafield tag="040" ind1=" " ind2=" ">
    <subfield code="a">AR-UNSa-BCEJYS</subfield>
    <subfield code="b">spa</subfield>
    <subfield code="c">AR-UNSa-BCEJYS</subfield>
  </datafield>
  <datafield tag="080" ind1=" " ind2=" ">
    <subfield code="a">336.748</subfield>
    <subfield code="x">Precios del cambio de monedas. Movimientos de los precios de cambio. Fluctuaciones en los precios de cambio (Inflaci&#xF3;n, Deflaci&#xF3;n)
</subfield>
  </datafield>
  <datafield tag="245" ind1="1" ind2="0">
    <subfield code="a">La econom&#xED;a en los procesos inflacionarios</subfield>
  </datafield>
  <datafield tag="020" ind1=" " ind2=" ">
    <subfield code="a">84 335 3332 0</subfield>
  </datafield>
  <datafield tag="264" ind1=" " ind2="1">
    <subfield code="a">Buenos Aires :</subfield>
    <subfield code="b">Editorial Labor</subfield>
    <subfield code="c">1974</subfield>
  </datafield>
  <datafield tag="300" ind1=" " ind2=" ">
    <subfield code="a">267 p.</subfield>
    <subfield code="c">22 cm.</subfield>
  </datafield>
  <datafield tag="505" ind1=" " ind2=" ">
    <subfield code="a">1.La naturaleza de la inflaci&#xF3;n(1) - 2. La naturaleza de la inflaci&#xF3;n(2) - 3. Procesos inflacionistas:Inflaci&#xF3;n de pugna por la renta - 4. Procesos inflacionistas: Inflaci&#xF3;n de exceso de demanda - 5. Procesos inflacionistas: Escasez de mano de obra e inflaci&#xF3;n general - 6. Estabilizaci&#xF3;n - 7. La velocidad de inflaci&#xF3;n - 8. La inflaci&#xF3;n y los precios relativos - 9. Implicaci&#xF3;n de los cambios de la estructura de precios - 10. La inflaci&#xF3;n y la relaci&#xF3;n real de intercambio - 11. La inflaci&#xF3;n y la relaci&#xF3;n de intercambio(continuaci&#xF3;n) - 12. Efectos interiores de las variaciones de la relaci&#xF3;n real de intercambio - 13. La inflaci&#xF3;n y la situaci&#xF3;n exterior de un pa&#xED;a banquero - 14. Aranceles de importaci&#xF3;n,subvenciones a la exportaci&#xF3;n y controles de intercambio - 15. Expansi&#xF3;n e inflaci&#xF3;n - 16. Naturaleza e importancia de los efectos de la inflaci&#xF3;n - 17. Efectos directos de la inflaci&#xF3;n - 18. Ahorro,inversi&#xF3;n y tasa de crecimiento </subfield>
  </datafield>
  <datafield tag="942" ind1=" " ind2=" ">
    <subfield code="c">BK</subfield>
  </datafield>
  <datafield tag="590" ind1=" " ind2=" ">
    <subfield code="a">niveau_biblio:m niveau_hierar:0</subfield>
  </datafield>
  <datafield tag="100" ind1="1" ind2=" ">
    <subfield code="a">Zawadzki, K.K.F.</subfield>
  </datafield>
  <datafield tag="999" ind1=" " ind2=" ">
    <subfield code="c">5452</subfield>
    <subfield code="d">5452</subfield>
  </datafield>
  <datafield tag="952" ind1=" " ind2=" ">
    <subfield code="0">0</subfield>
    <subfield code="1">0</subfield>
    <subfield code="4">0</subfield>
    <subfield code="7">0</subfield>
    <subfield code="a">BCEJYS</subfield>
    <subfield code="b">BCEJYS</subfield>
    <subfield code="c">16</subfield>
    <subfield code="d">2026-04-07</subfield>
    <subfield code="l">0</subfield>
    <subfield code="o">336.748 Z11</subfield>
    <subfield code="p">L13465</subfield>
    <subfield code="r">2026-04-07 15:58:14</subfield>
    <subfield code="w">2026-04-07</subfield>
    <subfield code="y">L</subfield>
  </datafield>
</record>
